Statistics for All Busch Gardens Roller Coasters

Click here to take the quiz!

General Stats

  • This quiz has been taken 202 times
  • The average score is 12 of 18

Answer Stats

HintAnswer% Correct
BGTIron Gwazi
90%
BGTMontu
86%
BGTSheikra
81%
BGTKumba
80%
BGTCheetah Hunt
78%
BGWPantheon
74%
BGWApollos Chariot
72%
BGWGriffon
72%
BGWAlpengeist
70%
BGTCobras Curse
70%
BGWVerbolten
69%
BGWLoch Ness Monster
62%
BGTScorpion
62%
BGWTempesto
55%
BGWInvadR
46%
BGTSand Serpent
46%
BGTAir Grover
44%
BGWGrovers Alpine Express
29%

Score Distribution

Percentile by Number Answered

Percent of People with Each Score

Your Score History

You have not taken this quiz